000 00554nam a2200181 a 4500
001 000039612
005 20201002033639.0
008 130711s2009 uy a 000 0 spa d
020 _a9789974550681
040 _aDO-SdBNP
_bspa
_cBNPHU
082 _axxx
100 1 _aIbarbourou, Juana de,
_d1892-1979
_941026
245 1 0 _aSelección de poemas /
_cJuana de Ibarbourou.
260 _aMontevideo, Uruguay :
_bBiblioteca Nacional,
_c2009.
300 _a48 p. :
_bil. ;
_c22 cm.
490 1 _aUn libro, un abrazo
_v5
830 0 _aUn libro, un abrazo
_v5
_965785
999 _c39102
_d39102